| 000 | 00759nam a2200241 i 4500 | ||
|---|---|---|---|
| 001 | 81535 | ||
| 003 | ES-MaACL | ||
| 005 | 20250928114915.0 | ||
| 007 | t| | ||
| 008 | 041104s1981 sp ||||1| spa d | ||
| 020 | _a84-277-0450-X | ||
| 100 | 1 |
_aHusen, Torsten. _964814 |
|
| 245 | 1 | 3 |
_aLa escuela a debate _b: problemas y futuro / _cTorsten Husen ; [traducción de Guillermo Solana]. |
| 260 |
_aMadrid : _bNarcea, _c1981. |
||
| 300 |
_a167 p. ; _c24 cm. |
||
| 490 | 1 | _aEducación hoy. Estudios | |
| 500 | _aIndice. | ||
| 504 | _aBibliorgafía: p. 157-162. | ||
| 700 | 1 |
_aSolana, Guillermo, _d1930-2004 _9107067 |
|
| 830 | 0 | 0 |
_aColección educación hoy (Narcea) _9220320 |
| 852 |
_aES-MaACL _jL-10013 _bR.112066 |
||
| 999 |
_c81535 _d81535 |
||